Reports and papers (Record no. 391157)

000 -LEADER
fixed length control field 00476cam a22001457a 4500
008 - FIXED-LENGTH DATA ELEMENTS--GENERAL INFORMATION
fixed length control field 180718b1950 xxu||||| |||| 00| 0 eng d
082 ## - DEWEY DECIMAL CLASSIFICATION NUMBER
Classification number B12x42 Un3p/2
100 ## - MAIN ENTRY--PERSONAL NAME
Personal name United Kingdom. Statistics Committee
245 ## - TITLE STATEMENT
Title Reports and papers
260 ## - PUBLICATION, DISTRIBUTION, ETC.
Place of publication, distribution, etc. London
Name of publisher, distributor, etc. Her Majesty's Stationery Office
Date of publication, distribution, etc. 1950
300 ## - PHYSICAL DESCRIPTION
Extent 422+p.
440 ## - SERIES STATEMENT/ADDED ENTRY--TITLE
Title Papers of the Royal Commission on Population. Volume II
500 ## - GENERAL NOTE
General note Chairman: A.M. Carr-Saunders
700 ## - ADDED ENTRY--PERSONAL NAME
Personal name Carr-Saunders, A.M. (Chairman)
Holdings
Withdrawn status Lost status Damaged status Not for loan Permanent Location Current Location Date acquired Full call number Barcode Date last seen Price effective from Koha item type
        Indian Institute of Public Administration Indian Institute of Public Administration 2000-01-22 B12x42 Un3p/2 7296 2018-07-21 2018-07-21 Book

Powered by Koha